00365nam a2200145Ia 4500008004100000082001300041100001800054245004200072250000800114260003100122300000800153500002400161650001400185700002000199230524s9999 xx 000 0 und d a540bMOH aB.K.Mohapatra 0aText Book of Engineering Chemistry-II a1ST aCUTTACKbKitab Mahalc2005 a212 aQuantity Number: 5 aChemistry a Rashmi Acharya